Současnost a budoucnost oboru pozemní stavby = The present and the future of building constructions branch : teze přednášky k profesorskému jmenovacímu řízení v oboru Pozemní stavby /

Hlavní autor: Novotný, Miloslav, 1955-
Korporativní autor: Vysoké učení technické v Brně. Ústav pozemního stavitelství
Jazyk: Čeština
Vydáno: Brno : VUTIUM, 2008
Edice: Vědecké spisy Vysokého učení technického v Brně. Habilitační a inaugurační spisy, sv. 286
Témata:
Fyzický popis: 30 s. : il. ; 24 cm
Language note: Anglické resumé
Knihy
Uloženo v:
LEADER 02469nam a2200565 a 4500
001 nkc20081830002
003 CZ PrNK
005 20091026152018.0
007 ta
008 081112s2008 xr a f m 000 0 cze
015 |a cnb001830002 
020 |a 978-80-214-3780-7  |q (brož.) 
035 |a (OCoLC)455840850 
040 |a BOA001  |b cze  |d ABA001 
041 0 |a cze  |b eng 
072 7 |a 624  |x Stavební inženýrství  |2 Konspekt  |9 19 
080 |a 624.9  |2 MRF 
080 |a 620.193.23  |2 MRF 
080 |a 620.1  |2 MRF 
080 |a (043.5:042.3)  |2 MRF 
080 |a (048.3)  |2 MRF 
100 1 |a Novotný, Miloslav,  |d 1955-  |7 jn20000620257  |4 aut 
245 1 0 |a Současnost a budoucnost oboru pozemní stavby =  |b The present and the future of building constructions branch : teze přednášky k profesorskému jmenovacímu řízení v oboru Pozemní stavby /  |c Miloslav Novotný 
246 3 1 |a Present and the future of building constructions branch 
260 |a Brno :  |b VUTIUM,  |c 2008 
300 |a 30 s. :  |b il. ;  |c 24 cm 
490 1 |a Vědecké spisy Vysokého učení technického v Brně. Habilitační a inaugurační spisy,  |x 1213-418X ;  |v sv. 286 
500 |a Nad názvem: Vysoké učení technické v Brně, Fakulta stavební, Ústav pozemního stavitelství 
504 |a Obsahuje bibliografii 
546 |a Anglické resumé 
610 2 7 |a Vysoké učení technické v Brně.  |b Ústav pozemního stavitelství  |7 ko2002103636  |2 czenas 
650 0 7 |a pozemní stavby  |7 ph124471  |2 czenas 
650 0 7 |a vlhkost materiálů  |7 ph241641  |2 czenas 
650 0 7 |a zkoušení materiálů  |7 ph116776  |2 czenas 
650 0 9 |a building construction  |2 eczenas 
650 0 9 |a moisture  |2 eczenas 
650 0 9 |a material testing  |2 eczenas 
655 7 |a profesorské přednášky  |7 fd187329  |2 czenas 
655 7 |a teze  |7 fd133701  |2 czenas 
655 9 |a inauguration lectures  |2 eczenas 
655 9 |a abstracts  |2 eczenas 
710 2 |a Vysoké učení technické v Brně.  |b Ústav pozemního stavitelství  |7 ko2002103636 
810 2 |a Vysoké učení technické v Brně.  |t Vědecké spisy.  |p Habilitační a inaugurační spisy  |0 s 
910 2 |a BOA001  |b 2-1226.088 
928 9 |a Vysoké učení technické v Brně 
990 |a BK 
995 |a 01 
991 |b 200908  |c NOV 
996 6 |b 2610383129  |c 2-1226.088  |l MZK  |r Sklad / do 1 hodiny  |n 0  |p p.v.  |w 000945956  |u 000010  |a 1  |e BOA001  |j MZK50  |s P 
996 7 |b 2610383130  |c 2-1226.088  |l MZK  |r Sklad / do 1 hodiny  |n 0  |p p.v.  |w 000945956  |u 000020  |a 1  |e BOA001  |j MZK50  |s A